| 000 | 00471nam a2200193Ia 4500 | ||
|---|---|---|---|
| 008 | 151121s9999||||xx |||||||||||||| ||und|| | ||
| 082 | _a823/JAM | ||
| 082 | _bHNW-51289 | ||
| 100 | _aJames Baldwin | ||
| 245 | _aGoing To Meet The Man | ||
| 260 | _b"A Dell Book, N। York ।" | ||
| 260 | _c-- | ||
| 300 | _a220 | ||
| 600 | _aJames Baldwin | ||
| 630 | _aGoing To Meet The Man | ||
| 700 | _aJames Baldwin | ||
| 730 | _aGoing To Meet The Man | ||
| 942 | _cBOOK | ||
| 999 |
_c1235720 _d1235717 |
||